<?xml version="1.0" encoding="UTF-8"?><?xml-stylesheet type="text/xsl" href="static/style.xsl"?><OAI-PMH xmlns="http://www.openarchives.org/OAI/2.0/" xmlns:xsi="http://www.w3.org/2001/XMLSchema-instance" xsi:schemaLocation="http://www.openarchives.org/OAI/2.0/ http://www.openarchives.org/OAI/2.0/OAI-PMH.xsd"><responseDate>2026-04-18T07:09:32Z</responseDate><request verb="GetRecord" identifier="oai:www.recercat.cat:10459.1/468980" metadataPrefix="marc">https://recercat.cat/oai/request</request><GetRecord><record><header><identifier>oai:recercat.cat:10459.1/468980</identifier><datestamp>2025-11-10T19:15:38Z</datestamp><setSpec>com_2072_3622</setSpec><setSpec>col_2072_479130</setSpec></header><metadata><record xmlns="http://www.loc.gov/MARC21/slim" xmlns:dcterms="http://purl.org/dc/terms/" xmlns:xsi="http://www.w3.org/2001/XMLSchema-instance" xmlns:doc="http://www.lyncode.com/xoai" xsi:schemaLocation="http://www.loc.gov/MARC21/slim http://www.loc.gov/standards/marcxml/schema/MARC21slim.xsd">
   <leader>00925njm 22002777a 4500</leader>
   <datafield ind2=" " ind1=" " tag="042">
      <subfield code="a">dc</subfield>
   </datafield>
   <datafield ind2=" " ind1=" " tag="720">
      <subfield code="a">Maestro, Santiago</subfield>
      <subfield code="e">author</subfield>
   </datafield>
   <datafield ind2=" " ind1=" " tag="720">
      <subfield code="a">Chemisana Villegas, Daniel</subfield>
      <subfield code="e">author</subfield>
   </datafield>
   <datafield ind2=" " ind1=" " tag="720">
      <subfield code="a">Baig, Hasan</subfield>
      <subfield code="e">author</subfield>
   </datafield>
   <datafield ind2=" " ind1=" " tag="260">
      <subfield code="c">2026</subfield>
   </datafield>
   <datafield ind2=" " ind1=" " tag="520">
      <subfield code="a">Integrating microtracking concentrator photovoltaic (μT CPV) systems into buildings offers a pathway to energy-efficient and sustainable construction. To maximise solar energy generation in these applications while maintaining internal illumination, advanced optical designs are needed. This study focuses on the fabrication and experimental evaluation of a μT CPV's optical system, specifically designed for building-integrated applications, utilizing advanced optical concentrators (geometrical concentration of 12.5x) to focus sunlight onto high-efficiency silicon solar cells. We detail the optics design and fabrication process, including material selection, manufacturing, and integration strategies. Key performance metrics were evaluated through experimental testing under controlled and real-world conditions. Our findings demonstrate a maximum optical efficiency of 63.5 % and an average solar concentration of 7.9 suns in real-world scenarios. In conclusion, these results highlight the potential of building-integrated μT CPV systems to contribute to net-zero energy goals, enhance urban energy resilience, and promote the adoption of innovative solar technologies in the built environment.</subfield>
   </datafield>
   <datafield ind2=" " ind1=" " tag="520">
      <subfield code="a">The authors would like to thanks “Ministerio de Ciencia e Innovación ” of Spain, MCIN/AEI/10.13039/501100011033 for the funding (grant reference: PID2019-111536RB-I00; TED2021-132843BI00). Research of S. Maestro was supported by “Secretaría General de Universidades del Ministerio de Universidades” of Spain (grant FPU20/ 01189) and “Col⋅legi Enginyers Industrials de Catalunya” for the “Beca Tesi Doctoral 2022” award. D. Chemisana thanks Institució Catalana de Recerca i Estudis Avançats (ICREA) for the ICREA Acadèmia award. Furthermore, this research was supported by the Generalitat de Catalunya (2021 SGR 01618).</subfield>
   </datafield>
   <datafield ind1="8" ind2=" " tag="024">
      <subfield code="a">http://hdl.handle.net/10459.1/468980</subfield>
   </datafield>
   <datafield tag="653" ind2=" " ind1=" ">
      <subfield code="a">Building integration</subfield>
   </datafield>
   <datafield tag="653" ind2=" " ind1=" ">
      <subfield code="a">Concentrating photovoltaics</subfield>
   </datafield>
   <datafield tag="653" ind2=" " ind1=" ">
      <subfield code="a">Optical design</subfield>
   </datafield>
   <datafield ind2="0" ind1="0" tag="245">
      <subfield code="a">Fabrication and experimental validation of a building-integrated microtracking CPV system</subfield>
   </datafield>
</record></metadata></record></GetRecord></OAI-PMH>